000 00282nam a22001217a 4500
008 170425b xxu||||| |||| 00| 0 eng d
041 _aeng
080 _227 ED
_a577 MUR
100 _a12
101 _aSHM
245 _aILLUSTRATED BIOCHEMISTRY
_cMURRAY.R.K
942 _2udc
_cBK
999 _c11943
_d11943